<?xml version="1.0" encoding="UTF-8"?>
<marc:record xmlns:marc="http://www.loc.gov/MARC21/slim">
   <marc:leader>00000nam a2200000 a 4500</marc:leader>
   <marc:datafield ind1="1" ind2=" " tag="100">
      <marc:subfield code="a">Fawcett, Heather</marc:subfield>
      <marc:subfield code="4">aut</marc:subfield>
      <marc:subfield code="e">Verfasser/-in</marc:subfield>
   </marc:datafield>
   <marc:datafield ind1="0" ind2="0" tag="245">
      <marc:subfield code="a">Agnes Auberts zauberhafte Katzenzuflucht</marc:subfield>
   </marc:datafield>
   <marc:datafield ind1="0" ind2="0" tag="245">
      <marc:subfield code="b">Roman</marc:subfield>
   </marc:datafield>
   <marc:datafield ind1="0" ind2="0" tag="245">
      <marc:subfield code="c">Heather Fawcett</marc:subfield>
   </marc:datafield>
   <marc:datafield ind1=" " ind2="1" tag="264">
      <marc:subfield code="a">Frankfurt am Main</marc:subfield>
      <marc:subfield code="b">S. Fischer Verl.</marc:subfield>
      <marc:subfield code="c">2026</marc:subfield>
   </marc:datafield>
   <marc:datafield ind1=" " ind2=" " tag="250">
      <marc:subfield code="a">1.</marc:subfield>
   </marc:datafield>
   <marc:datafield ind1="1" ind2=" " tag="520">
      <marc:subfield code="a">Agnes Aubert führt ein akribisch organisiertes Leben, und das muss sie auch. Denn als Chefin einer dringend benötigten Katzenzuflucht ist sie oft die Einzige, die zwischen ihren geliebten Katzen und dem sicheren Tod steht. Als sie umziehen muss, erfährt Agnes, dass ihr neuer Vermieter der Dunkle Lord Havelock Renard ist, der das Heim nur als Fassade für seinen völlig illegalen Zauberladen benutzt. Dass Renard mit seiner verbotenen Magie einmal beinahe die Apokalypse herbeigeführt hat, macht ihn nicht sympathischer.</marc:subfield>
   </marc:datafield>
   <marc:datafield ind1=" " ind2=" " tag="020">
      <marc:subfield code="a">9783596712243</marc:subfield>
      <marc:subfield code="9">9783596712243</marc:subfield>
   </marc:datafield>
   <marc:datafield ind1=" " ind2=" " tag="020">
      <marc:subfield code="a">3596712246</marc:subfield>
      <marc:subfield code="9">3596712246</marc:subfield>
   </marc:datafield>
   <marc:datafield ind1=" " ind2=" " tag="500">
      <marc:subfield code="a">Aus dem Amerik. übers.</marc:subfield>
   </marc:datafield>
   <marc:datafield ind1=" " ind2=" " tag="300">
      <marc:subfield code="a">429 S.</marc:subfield>
   </marc:datafield>
</marc:record>
